000 00848nam a2200253Ia 4500
003 OSt
005 20221005112531.0
006 a|||||r|||| 00| 0
007 ta
008 221004b |||||||| |||| 00| 0 pan d
020 _a9789350179185 (hbk)
_c150
024 _a2661
037 _b695, 16/01/2013, Bright Book Service
_cTextual
040 _aCRL
_cCRL
_bpan
041 _2pan
_apan
082 _aO153wN, Q2
100 _aਸੁਮੈਰਾ, ਸਿਮਰਤ
245 0 _aਨਦੀਆਂ ਸਿਰਜਣਹਾਰੀਆਂ
260 _aਚੰਡੀਗੜ
_bਲੋਕਗੀਤ ਭਾਰਤ
_c2012
300 _a100ਪੰ
_ccm.
650 _aਪੰਜਾਬੀ ਸਾਹਿਤ
942 _hO153wN, Q2
_cTEXL
_2cc
999 _c1025188
_d1025188